Computer Science with C++ Vol-II XII (Record no. 11520)

MARC details
000 -LEADER
fixed length control field 00272nam a22000977a 4500
008 - FIXED-LENGTH DATA ELEMENTS--GENERAL INFORMATION
fixed length control field 190531b ||||| |||| 00| 0 eng d
020 ## - INTERNATIONAL STANDARD BOOK NUMBER
International Standard Book Number 9788183506007
100 ## - MAIN ENTRY--PERSONAL NAME
Personal name Arora Preeti
9 (RLIN) 7125
245 ## - TITLE STATEMENT
Title Computer Science with C++ Vol-II XII
260 ## - PUBLICATION, DISTRIBUTION, ETC. (IMPRINT)
Place of publication, distribution, etc. New Delhi
Name of publisher, distributor, etc. Sultan Chand
Date of publication, distribution, etc. 2018
Holdings
Withdrawn status Lost status Source of classification or shelving scheme Damaged status Koha normalized classification for sorting Not for loan Home library Current library Shelving location Date acquired Total Checkouts Full call number Barcode Date last seen Price effective from Koha item type
    Dewey Decimal Classification   ARO_005_000000000000000_D7   Good Samaritan School Library Good Samaritan School Library Computer Science 05/31/2019   ARO005 D-7 ARO15352 05/31/2019 05/31/2019 BOOK

Powered by Koha